[Event "5th Geller Mem Open A"]
[Site "Odessa UKR"]
[Date "2009.08.23"]
[Round "4"]
[White "Evtodiy,Vy"]
[Black "Orlova,Y"]
[Result "1/2-1/2"]
[WhiteElo "2045"]
[BlackElo "1894"]

1.e4 c5 2.Nf3 Nc6 3.Bb5 g6 4.O-O Bg7 5.c3 Qb6 6.Ba4 Nf6 7.Qe2 O-O 8.d3 d6
9.h3 Nd7 10.Be3 a6 11.Rd1 Qc7 12.d4 b5 13.Bc2 Rb8 14.Nbd2 b4 15.Bd3 a5 16.Nf1 a4
17.a3 bxc3 18.bxc3 Na5 19.Qc2 c4 20.Be2 Nb3 21.Rab1 Ba6 22.Bg5 Nf6 23.Ne3 e6
24.e5 Nd5 25.exd6 Qxd6 26.Nd2 Nxe3 27.Bxe3 Rbc8 28.Qa2 f5 29.g3 Rf7 30.Bf4 Qe7
31.Nf3 Bb7 32.Ng5 Rff8 33.Re1 h6 34.Nf3 g5 35.Be5 Qd7 36.Bxg7 Kxg7 37.Ne5 Qb5
38.Bf3 Bxf3 39.Nxf3 Qd5 40.Qe2 Rfe8 41.Ne5 Kh7 42.Qh5 Rg8 43.Qf7+ Rg7 44.Qf6 Rcc7
45.Rb2 Rce7 46.Re3 f4 47.Re1 Qb5 48.Ng4 Qf5 49.Qxh6+ Kg8 50.Rbe2 Rg6 51.Qh5 Rh7  1/2-1/2

[Event "16th Vienna Open"]
[Site "Vienna AUT"]
[Date "2009.08.23"]
[Round "9"]
[White "Kuba,G"]
[Black "Kovalev,An"]
[Result "1/2-1/2"]
[WhiteElo "2392"]
[BlackElo "2533"]

1.e4 c5 2.Nf3 Nc6 3.Bb5 e6 4.O-O Nge7 5.Re1 a6 6.Bf1 d5 7.exd5 Nxd5 8.d4 Nf6
9.Be3 Be7 10.c4 cxd4 11.Nxd4 Nxd4 12.Qxd4 Qxd4 13.Bxd4 Bd7  1/2-1/2

[Event "Open"]
[Site "Dieppe FRA"]
[Date "2009.08.25"]
[Round "4"]
[White "Ashton,A"]
[Black "Peurton,F"]
[Result "1-0"]
[WhiteElo "2324"]
[BlackElo "2010"]

1.e4 c5 2.Nf3 Nc6 3.Bb5 e6 4.O-O Nge7 5.c3 a6 6.Ba4 b5 7.Bc2 Ng6 8.d4 cxd4
9.cxd4 d5 10.exd5 exd5 11.Re1+ Be7 12.Ne5 Ncxe5 13.dxe5 Be6 14.Nd2 Qc7 15.Nf3 O-O
16.Be3 Rfd8 17.Rc1 Qb7 18.Nd4 Qd7 19.Qd3 Rac8 20.f4  1-0

[Event "6th Open"]
[Site "Kalamaria GRE"]
[Date "2009.08.25"]
[Round "5"]
[White "Llaneza Vega,M"]
[Black "Michiels,B"]
[Result "1-0"]
[WhiteElo "2521"]
[BlackElo "2451"]

1.e4 c5 2.Nf3 Nc6 3.Bb5 g6 4.O-O Bg7 5.Re1 Nf6 6.Nc3 O-O 7.h3 d6 8.d3 Na5
9.d4 cxd4 10.Nxd4 Bd7 11.Bf1 Rc8 12.Nd5 e6 13.Nxf6+ Qxf6 14.Nf3 Ba4 15.Qxd6 Bxc2
16.Qb4 Qd8 17.Bg5 Qb6 18.Qxb6 axb6 19.e5 Nc6 20.Rac1 Nb4 21.Be7 Nxa2 22.Bxf8 Bxf8
23.Nd4 Nxc1 24.Rxc1 Rc5 25.Rxc2 Rxe5 26.Rc7 Rd5 27.Nf3 Bc5 28.Rxb7 Rf5 29.Rd7 g5
30.Rd2 h6 31.Nd4 Rf4 32.Nb3 Be7 33.Nc1 Ra4 34.Rd7 Bf6 35.Nd3 Ra2 36.b4 h5
37.g3 Bc3 38.Rd6 e5 39.Bg2 Rd2 40.Be4 Bxb4 41.Rxb6 Bc3 42.Bf5 Kg7 43.Kg2 Bd4
44.Ra6 Re2 45.Kf1 Rd2 46.Rc6 Ra2 47.Rc1 Kf6 48.Be4 Rd2 49.Ke1 Ra2 50.Rc7 Ra1+
51.Kd2 g4 52.h4 Ra2+ 53.Rc2 Ra1 54.Ke2 Kg7 55.Ne1 Ra7 56.Ng2 f5 57.Bd5 Ra5
58.Be6 Ra6 59.Bc8 Rf6 60.Ne3 f4 61.gxf4 Bxe3 62.fxe3 exf4 63.e4 Rb6 64.e5 Rb5
65.Rc7+ Kg6 66.e6 f3+ 67.Kf2 Rb2+ 68.Kg3 Rg2+ 69.Kf4 f2 70.Ba6 f1=Q+ 71.Bxf1 Rf2+
72.Ke5 Rxf1 73.Rc8 Re1+ 74.Kd6 g3 75.e7 Kf5 76.e8=Q Rxe8 77.Rxe8 Kg4 78.Ke5 Kxh4
79.Kf4 Kh3 80.Kf3 Kh2 81.Rh8 g2 82.Rxh5+ Kg1 83.Rg5 Kh1 84.Kf2  1-0

[Event "5th Geller Mem Open A"]
[Site "Odessa UKR"]
[Date "2009.08.25"]
[Round "6"]
[White "Gorbunov,I RUS"]
[Black "Kovtun,Sergei"]
[Result "1-0"]
[WhiteElo "2253"]
[BlackElo "2314"]

1.e4 c5 2.Nf3 Nc6 3.Bb5 g6 4.O-O Bg7 5.Re1 Nf6 6.e5 Nd5 7.Nc3 Nc7 8.Bf1 O-O
9.d3 Ne6 10.Nd5 d6 11.exd6 Qxd6 12.Nc3 b6 13.Ne4 Qc7 14.c3 Bb7 15.Nfg5 Ncd8
16.Qg4 Nxg5 17.Nxg5 e5 18.d4 cxd4 19.cxd4 f5 20.Qh3 h6 21.Nf3 e4 22.Ne5 Kh7
23.Bd2 Nf7 24.Rac1 Qd6 25.Bf4 Nxe5 26.dxe5 Qe7 27.e6 Rac8 28.Qb3 Rfe8 29.Bb5 Rxc1
30.Rxc1 Rc8 31.Rd1 Bc6 32.Qc4 Qc5 33.Qxc5 bxc5 34.Bxc6 Rxc6 35.e7 Re6 36.Rd7 Kg8
37.Rxa7 Bxb2 38.Bd6 Kf7 39.Ra8 Rxe7 40.Bxe7 Kxe7 41.Kf1 Kd6 42.Ra6+ Kd5 43.Rxg6 c4
44.Ke2 Bd4 45.Rxh6 c3 46.Rh7 f4 47.Rc7 Bc5 48.h4 c2 49.Kd2 Bxf2 50.h5 f3
51.gxf3 exf3 52.Rxc2 Ke4 53.Rc4+ Kf5 54.h6 Kg6 55.Rc6+ Kh7 56.a4 Bd4 57.a5  1-0

[Event "XXVI Open A"]
[Site "Collado Villalba ESP"]
[Date "2009.08.26"]
[Round "6"]
[White "Hernandez Gallardo,F"]
[Black "Teske,H"]
[Result "0-1"]
[WhiteElo "2352"]
[BlackElo "2536"]

1.e4 c5 2.Nf3 Nc6 3.Bb5 e6 4.O-O Nge7 5.Re1 a6 6.Bxc6 Nxc6 7.d4 cxd4 8.Nxd4 d6
9.Nc3 Bd7 10.Nxc6 Bxc6 11.Qg4 h5 12.Qf3 Be7 13.a4 Rc8 14.Nd5 exd5 15.exd5 Bd7
16.Bg5 Bg4 17.Bxe7 Bxf3 18.Bxd8+ Kxd8 19.gxf3 Rxc2 20.b4 Re8 21.Re3 Rxe3
22.fxe3 Rb2 23.a5 Rxb4 24.Kg2 g5 25.e4 Ke7 26.Rc1 Kd7 27.Ra1 Rb5 28.Ra4 f5
29.h4 gxh4 30.Kh3 Rb3 31.Kxh4 Rxf3 32.Rb4 Kc7 33.Rc4+ Kd8 34.Kxh5 fxe4 35.Kg4 Rd3  0-1

[Event "IM"]
[Site "Dieppe FRA"]
[Date "2009.08.26"]
[Round "5"]
[White "Zhou,Y"]
[Black "Mandon,F"]
[Result "1-0"]
[WhiteElo "2265"]
[BlackElo "2251"]

1.e4 c5 2.Nf3 Nc6 3.Bb5 g6 4.Bxc6 dxc6 5.d3 Bg7 6.h3 Nf6 7.Nc3 Nd7 8.Be3 e5
9.Qd2 Qe7 10.a3 Nf8 11.b4 cxb4 12.axb4 Qxb4 13.O-O b5 14.Bxa7 Bb7 15.Rfb1 Qe7
16.Be3 Ne6 17.Rxa8+ Bxa8 18.Bh6 O-O 19.Bxg7 Nxg7 20.Ne2 Rb8 21.Qa5 f6 22.c3 Ne6
23.d4 exd4 24.cxd4 Nf8 25.Qa2+ Kg7 26.Qc2 Nd7 27.Nf4 Re8 28.Re1 Nf8 29.e5 fxe5
30.Rxe5 Qd7 31.Qc5 Kg8 32.Ng5 Rxe5 33.dxe5 Qf5 34.h4 Qxf4 35.e6 Nxe6 36.Nxe6 Qf6
37.Qd6 h6 38.Qb8+ Kf7 39.Nd8+ Ke8 40.Nb7+ Kf7 41.Qxa8 Ke6 42.Qa2+ Ke7 43.Qa3+ Kf7
44.g3 Qd4 45.Qf3+  1-0

[Event "XI Sants Open"]
[Site "Barcelona ESP"]
[Date "2009.08.30"]
[Round "10"]
[White "Cuartas,Ja"]
[Black "Ikonnikov,Vy"]
[Result "1/2-1/2"]
[WhiteElo "2521"]
[BlackElo "2556"]

1.e4 c5 2.Nf3 Nc6 3.Bb5 g6 4.O-O Bg7 5.Re1 e5 6.b4 cxb4 7.a3 b3 8.cxb3 Nge7
9.Bb2 O-O 10.Bc4 d6 11.b4 a5 12.b5 Nd4 13.Nxd4 exd4 14.a4 b6 15.d3 Bb7 16.Nd2 d5
17.Bb3 dxe4 18.dxe4 d3 19.Bxg7 Kxg7 20.Nf3 Qd6 21.e5 Qb4 22.Qxd3 Rfd8 23.Qc4 Qxc4
24.Bxc4 Bxf3 25.gxf3 Rac8 26.Bf1 Nd5 27.e6 Re8 28.exf7 Rxe1 29.Rxe1 Kxf7
30.Bh3 Re8 31.Rc1 Nf4 32.Bf1 g5 33.h4 Kg6 34.Rc6+ Kh5 35.hxg5 Re1 36.Rxb6 Kxg5
37.Ra6 Ne2+ 38.Kg2 Nf4+ 39.Kg1 Ne2+ 40.Kg2 Nf4+  1/2-1/2

[Event "TCh-SRB 1st League"]
[Site "Kragujevac SRB"]
[Date "2009.09.01"]
[Round "1"]
[White "Maric,Dr"]
[Black "Miladinovic,I"]
[Result "0-1"]
[WhiteElo "2267"]
[BlackElo "2547"]

1.e4 c5 2.Nf3 Nc6 3.Bb5 e6 4.O-O Nge7 5.c3 a6 6.Ba4 b5 7.Bc2 Bb7 8.d3 Ng6
9.Nbd2 Rc8 10.d4 cxd4 11.cxd4 Nb4 12.Bb1 Qc7 13.a3 Nc2 14.Bxc2 Qxc2 15.Qxc2 Rxc2
16.Ne1 Rc8 17.Nd3 Be7 18.Re1 O-O 19.Nb3 f5 20.e5 Nh4 21.f3 Rc2 22.Nd2 Rfc8
23.Kf2 R8c4 24.Nf4 Rxd4 25.Ne2 Rd3 26.Nf4 Bc5+ 27.Kg3 Re3 28.Rxe3 Bxe3 29.Nb3 Bf2+
30.Kh3 g5 31.Nd4 h5 32.Nxh5 g4+  0-1

[Event "TCh-SRB 1st League"]
[Site "Kragujevac SRB"]
[Date "2009.09.04"]
[Round "4"]
[White "Maric,Dr"]
[Black "Roganovic,Milo"]
[Result "0-1"]
[WhiteElo "2267"]
[BlackElo "2474"]

1.e4 c5 2.Nf3 Nc6 3.Bb5 g6 4.O-O Bg7 5.Re1 Nf6 6.e5 Nd5 7.Nc3 Nc7 8.d4 cxd4
9.Nxd4 O-O 10.Bf4 Nxb5 11.Ndxb5 a6 12.Nd4 b5 13.a4 b4 14.Nd5 Bb7 15.Nxc6 dxc6
16.Nxb4 Qc8 17.f3 Rd8 18.Qe2 c5 19.Nd3 c4 20.Nf2 c3 21.b3 Qf5 22.Nh3 Rd4
23.g4 Qd7 24.Rad1 Rd8 25.Rxd4 Qxd4+ 26.Qe3 Bxf3 27.Nf2 Qd5 28.Qxc3 h5 29.h3 Qb7
30.Qe3 hxg4 31.hxg4 Bc6 32.c4 Qb4 33.Rd1 Rxd1+ 34.Nxd1 Qa3 35.Kh2 Qa1 36.Qe2 g5
37.Bxg5 Bxe5+ 38.Kh3 f6  0-1

[Event "TCh-SRB 1st League"]
[Site "Kragujevac SRB"]
[Date "2009.09.04"]
[Round "4"]
[White "Barlov,D"]
[Black "Miljkovic,Mir1"]
[Result "1/2-1/2"]
[WhiteElo "2471"]
[BlackElo "2467"]

1.e4 c5 2.Nf3 Nc6 3.Bb5 g6 4.O-O Bg7 5.a3 Nf6 6.Re1 O-O 7.d3 Ne8 8.Nc3 Nd4
9.Nxd4 cxd4 10.Ne2 Nc7 11.Ba4 d6 12.c3 dxc3 13.Nxc3 Ne6 14.Be3 Nd4 15.h3 Bd7
16.Bxd7 Qxd7 17.Ne2 Nxe2+  1/2-1/2

[Event "6th LGA Premium Cup"]
[Site "Nuernberg GER"]
[Date "2009.09.04"]
[Round "2"]
[White "Mainka,R"]
[Black "Schuetz,G GER"]
[Result "1-0"]
[WhiteElo "2521"]
[BlackElo "2238"]

1.e4 c5 2.Nf3 Nc6 3.Bb5 g6 4.O-O Bg7 5.Re1 Nf6 6.c3 O-O 7.h3 d5 8.e5 Ne8
9.d4 cxd4 10.cxd4 f6 11.Nc3 Nc7 12.exf6 exf6 13.Bf4 Ne6 14.Bh2 Bh6 15.Kh1 Kh8
16.Ba4 Ne7 17.Bb3 Qa5 18.Rxe6 Bxe6 19.Qe2 Bf5 20.Qxe7 Be4 21.Nxe4 Rae8 22.Qc5  1-0

[Event "6th LGA Premium Cup"]
[Site "Nuernberg GER"]
[Date "2009.09.04"]
[Round "3"]
[White "Miller,Ed"]
[Black "Thuerauf,P"]
[Result "0-1"]
[WhiteElo "1918"]
[BlackElo "1917"]

1.e4 c5 2.Nf3 Nc6 3.Bb5 g6 4.O-O Bg7 5.c3 Nf6 6.e5 Nd5 7.d4 cxd4 8.cxd4 O-O
9.Nc3 Nxc3 10.bxc3 d6 11.Qa4 Qc7 12.exd6 exd6 13.Bf4 Bg4 14.Nd2 a6 15.Bd3 b5
16.Qa3 b4 17.cxb4 Bxd4 18.Rac1 Qd7 19.Bxa6 Be2 20.b5 Bxb5 21.Bxb5 Rxa3 22.Bxc6 Qa7
23.Bxd6 Rxa2 24.Bxf8 Kxf8 25.Ne4 f5 26.Ng5 Bxf2+ 27.Kh1 Be3 28.Nf3 Bxc1 29.Rxc1 Ra1
30.Rxa1 Qxa1+ 31.Ng1 Ke7 32.g3 Qf1 33.h3 Qf2 34.Bg2 Qxg3 35.Nf3 g5 36.Nd4 Qe1+  0-1

[Event "4th Xtracon Skovbo"]
[Site "Borup DEN"]
[Date "2009.09.05"]
[Round "2"]
[White "Teplyi,I"]
[Black "Eriksson,C"]
[Result "1/2-1/2"]
[WhiteElo "2284"]
[BlackElo "2159"]

1.e4 c5 2.Nf3 Nc6 3.Bb5 Nf6 4.Nc3 g6 5.Bxc6 dxc6 6.d3 Bg4 7.h3 Bxf3 8.Qxf3 Bg7
9.O-O e5 10.Qg3 Nh5 11.Qg4 O-O 12.Be3 b6 13.a3 Qd6 14.Ne2 Rad8 15.Rfb1 a5
16.Qf3 Ra8 17.Rd1 Rfd8 18.Rd2 Qf6 19.Qg4 Nf4 20.Bxf4 exf4 21.c3 Bh6 22.Qf3 Ra7
23.Rad1 Rad7 24.g3 Qe6 25.gxf4 Qf6 26.Kf1 Kh8 27.d4 g5 28.e5 Qf5 29.Qd3 Qxd3
30.Rxd3 gxf4 31.Ng1 cxd4 32.Rxd4 Rxd4 33.cxd4 Rd5 34.a4 c5 35.Nf3 Bg7 36.Rc1 h6
37.dxc5 bxc5 38.Ke2 Bxe5 39.Nxe5 Rxe5+ 40.Kf3 Kg7 41.Rc3 Rd5 42.b3 Kf6 43.Kxf4 Ke6
44.Ke3 Rh5 45.h4 Kd5 46.Rc4 Re5+ 47.Kd3 Rf5 48.Ke3 Re5+ 49.Kd3  1/2-1/2

[Event "6th LGA Premium Cup"]
[Site "Nuernberg GER"]
[Date "2009.09.05"]
[Round "4"]
[White "Eber,F"]
[Black "Hirschberg,V"]
[Result "1/2-1/2"]
[WhiteElo "1946"]
[BlackElo "2099"]

1.e4 c5 2.Nf3 Nc6 3.Bb5 g6 4.O-O Bg7 5.d3 Nf6 6.c3 O-O 7.Be3 d6 8.Nbd2 Qc7
9.h3 a6 10.Bxc6 Qxc6 11.Nh2 b5 12.a4 Bb7 13.axb5 axb5 14.Qc2 c4 15.f3 cxd3
16.Qxd3 d5 17.Ng4 Rad8 18.Nxf6+ Bxf6 19.Qe2 Bg7 20.Rfd1 b4 21.Rac1 bxc3 22.bxc3 Ba6
23.Qf2 e6 24.exd5 exd5 25.Bd4 Bh6 26.Qh4 Bg7 27.Bxg7 Kxg7 28.Qd4+ Kg8 29.Nf1 Bxf1
30.Kxf1 Qa6+ 31.Qd3 Qf6 32.Qd4 Qa6+ 33.Qd3 Qf6 34.Qd4  1/2-1/2

[Event "ch-PAR"]
[Site "Asuncion PAR"]
[Date "2009.09.07"]
[Round "2"]
[White "Lipiniks,L"]
[Black "Peralta,E"]
[Result "0-1"]
[WhiteElo "1920"]
[BlackElo "2283"]

1.e4 c5 2.Nf3 Nc6 3.Bb5 g6 4.O-O Bg7 5.Re1 Nf6 6.c3 O-O 7.d4 d5 8.exd5 Qxd5
9.c4 Qd6 10.d5 Nd4 11.Nxd4 cxd4 12.g3 a6 13.Ba4 b5 14.cxb5 axb5 15.Bf4 Qxd5
16.Bb3 Qd7 17.Nd2 Bb7 18.Rc1 Nd5 19.Be5 Ne3 20.Rxe3 dxe3 21.Rc7 exf2+ 22.Kxf2 Qf5+
23.Bf4 Bd4+ 24.Ke1 e5 25.Rxb7 exf4 26.Qf3 Rae8+ 27.Kd1 Be3 28.g4 Qf6 29.Ne4 Qd4+
30.Ke2 Rxe4  0-1

[Event "TCh-SRB 1st League"]
[Site "Kragujevac SRB"]
[Date "2009.09.08"]
[Round "7"]
[White "Maric,Dr"]
[Black "Zlatic,Mih"]
[Result "0-1"]
[WhiteElo "2267"]
[BlackElo "2456"]

1.e4 c5 2.Nf3 Nc6 3.Bb5 d6 4.O-O Bd7 5.c3 Nf6 6.Re1 a6 7.Ba4 b5 8.Bc2 Bg4
9.d3 e6 10.Nbd2 Be7 11.h3 Bh5 12.Nf1 O-O 13.Ng3 Bxf3 14.Qxf3 d5 15.e5 Nd7
16.Bf4 Bg5 17.d4 cxd4 18.Rad1 dxc3 19.bxc3 Bxf4 20.Qxf4 f5 21.exf6 Rxf6 22.Qe3 g6
23.h4 Qb6 24.Ne4 dxe4 25.Rxd7 Qxe3 26.Rxe3 Ne5 27.Re7 Raf8 28.Rxe4 Rxf2 29.Bb3 Nc4
30.Bxc4 bxc4 31.Rxc4 Rf1+ 32.Kh2 R1f4 33.Rxf4 Rxf4 34.Rxe6 Rxh4+ 35.Kg3 Ra4
36.Re2 Rc4 37.Re3 Kf7 38.Kf3 h5 39.g3 Kf6 40.Rd3 Ke5 41.Re3+ Kd5 42.Rd3+ Kc5
43.Re3 Kd5 44.Rd3+ Ke5 45.Re3+ Kf5 46.Rd3 Rc5 47.Ke2 g5 48.Kf3 Ke5 49.Ke3 Rd5
50.a4 a5 51.Rd2 Rxd2 52.Kxd2 Kd5  0-1

[Event "TCh-SRB 1st League"]
[Site "Kragujevac SRB"]
[Date "2009.09.11"]
[Round "10"]
[White "Maric,Dr"]
[Black "Miljkovic,Mir1"]
[Result "0-1"]
[WhiteElo "2267"]
[BlackElo "2467"]

1.e4 c5 2.Nf3 Nc6 3.Bb5 g6 4.O-O Bg7 5.Re1 Nf6 6.e5 Nd5 7.Nc3 Nc7 8.d4 cxd4
9.Nxd4 Nxe5 10.Bf4 f6 11.Bxe5 fxe5 12.Nf3 Nxb5 13.Nxb5 a6 14.Nc3 d6 15.Qd5 e6
16.Qb3 O-O 17.Rad1 Qc7 18.Ng5 Qe7 19.h4 h6 20.Nh3 d5 21.f4 e4 22.Qb6 Qxh4
23.Na4 e5 24.Qb3 Bxh3 25.Qxh3 Qxh3 26.gxh3 exf4 27.Rxd5 Rae8 28.Kf2 Bf6 29.Rf1 Bh4+
30.Ke2 f3+ 31.Ke3 Rf5 32.Rxf5 gxf5 33.Nc3 Kf7 34.Nd5 Bg5+ 35.Nf4 Rd8 36.Rh1 Kf6
37.h4 Bxf4+ 38.Kxf4 Rd2 39.Rc1 Rg2 40.Rd1 Rg4+ 41.Ke3 Ke5 42.Rd8 f4+ 43.Kf2 Rg2+
44.Kf1 e3  0-1

[Event "7th ch-Mediterranean"]
[Site "Rijeka CRO"]
[Date "2009.09.12"]
[Round "2"]
[White "Dembo,Y"]
[Black "Firat,B"]
[Result "1-0"]
[WhiteElo "2482"]
[BlackElo "2365"]

1.e4 c5 2.Nf3 Nc6 3.Bb5 d6 4.O-O Bd7 5.c3 Nf6 6.Re1 a6 7.Bf1 Bg4 8.d3 e6
9.Nbd2 Be7 10.h3 Bh5 11.g4 Bg6 12.Nh4 Nd7 13.Nxg6 hxg6 14.Nf3 Nde5 15.Nh2 g5
16.d4 Ng6 17.Be3 cxd4 18.cxd4 e5 19.d5 Nd4 20.Nf3 Nxf3+ 21.Qxf3 Qa5 22.Rec1 O-O
23.a3 Rfc8 24.Qd1 Nf4 25.Qb3 b5 26.Rc2 Rab8 27.Rac1 Rxc2 28.Qxc2 b4 29.Bd2 Qb6
30.axb4 Bd8 31.Ra1 g6 32.Ra4 Qb7 33.Qc6 Qa7 34.Be3 Qe7 35.Rxa6 Rxb4 36.Ra7 Qf6
37.Qe8+ Kg7 38.Ra8  1-0

[Event "ch-RUS HL"]
[Site "Ulan Ude RUS"]
[Date "2009.09.12"]
[Round "10"]
[White "Nikolenko,O"]
[Black "Maletin,P"]
[Result "1/2-1/2"]
[WhiteElo "2533"]
[BlackElo "2576"]

1.e4 c5 2.Nf3 Nc6 3.Bb5 g6 4.O-O Bg7 5.c3 Nf6 6.e5 Nd5 7.d4 Nc7 8.Na3 Nxb5
9.Nxb5 a6 10.Na3 cxd4 11.cxd4 O-O 12.Re1 d6 13.exd6 exd6 14.Bg5 f6 15.Bd2 d5
16.Qb3 Rf7 17.Nc2 Bf8 18.Rac1 Bf5 19.Nb4 Bxb4 20.Bxb4 Qb6 21.Bc5 Qxb3 22.axb3 Na5
23.Nd2 Nc6 24.Nf3 Na5 25.Nd2 Nc6  1/2-1/2

[Event "4th Xtracon Skovbo"]
[Site "Borup DEN"]
[Date "2009.09.13"]
[Round "9"]
[White "Larsen,Ka"]
[Black "Rosenkilde,A"]
[Result "1/2-1/2"]
[WhiteElo "2327"]
[BlackElo "2180"]

1.e4 c5 2.Nf3 Nc6 3.Bb5 e6 4.O-O Nge7 5.Re1 a6 6.Bxc6 Nxc6 7.d4 cxd4 8.Nxd4 Qc7
9.Nxc6 bxc6 10.e5 d5 11.c4 Rb8 12.Nd2 Be7 13.b3 O-O 14.Bb2 Rd8 15.Qc2 c5
16.f4 Qb6 17.Re3 a5 18.Rf1 a4 19.Rh3 g6 20.Bc1 axb3 21.axb3 dxc4 22.Nxc4 Qc6
23.Bb2 Bb7 24.Re3 Bf8 25.Qf2 Ba6 26.Qc2 Qd5 27.Bc1 Rxb3 28.Rxb3 Bxc4 29.Rc3 Bd3
30.Qf2 Bxf1 31.Kxf1 c4 32.Qe2 Rc8 33.Qf3 Bb4 34.Rc2 Bc5 35.Ke2 Rd8 36.Rd2 Qxf3+
37.Kxf3 Rxd2 38.Bxd2 Kf8 39.Ke4 Ke7 40.Be3 Bxe3 41.Kxe3 f5 42.Kd4 Kd7 43.Kxc4 Kc6
44.g3  1/2-1/2

[Event "7th ch-Mediterranean"]
[Site "Rijeka CRO"]
[Date "2009.09.14"]
[Round "5"]
[White "Dubrovic,M"]
[Black "Zrilic,B"]
[Result "0-1"]
[WhiteElo "1783"]
[BlackElo "2046"]

1.e4 c5 2.Nf3 Nc6 3.Bb5 Nd4 4.Nxd4 cxd4 5.O-O g6 6.c3 Bg7 7.Re1 Nh6 8.Qe2 O-O
9.cxd4 d5 10.d3 Qb6 11.Nc3 a6 12.Bxh6 Bxh6 13.Ba4 Qxd4 14.exd5 b5 15.Bb3 Ra7
16.Qe4 Qc5 17.d4 Qb4 18.Re2 a5 19.Rae1 a4 20.Bd1 a3 21.Qc2 Bg4 22.f3 Bf5
23.Qb3 Qxd4+ 24.Kh1 Rb8 25.Bc2 Bxc2 26.Rxc2 Qh4 27.Re4 Bf4 28.g3 Qh3 29.Rg2 Bxg3
30.Rxg3 Qf1+ 31.Rg1 Qxf3+ 32.Rg2 Rc7 33.Qxa3 Rxc3 34.Qxc3 Qxe4 35.Qb3 Rc8
36.Qd1 Rc5 37.d6 exd6 38.h3 Rd5 39.Qc1 b4 40.b3 Rc5 41.Qd2 d5 42.Kh2 Rc3
43.Re2 Qh4 44.Re3 Qf4+  0-1

[Event "7th ch-Mediterranean"]
[Site "Rijeka CRO"]
[Date "2009.09.15"]
[Round "7"]
[White "Gator,Mosab"]
[Black "Zrilic,B"]
[Result "1-0"]
[WhiteElo "2139"]
[BlackElo "2046"]

1.e4 c5 2.Nf3 Nc6 3.Bb5 Nd4 4.Nxd4 cxd4 5.O-O g6 6.Kh1 Bg7 7.f4 a6 8.Bd3 d6
9.c3 Qb6 10.Na3 Nh6 11.f5 O-O 12.Nc2 d5 13.fxg6 hxg6 14.exd5 Qd6 15.Be4 Ng4
16.g3 e5 17.d3 f5 18.Bf3 Nf6 19.cxd4 e4 20.dxe4 fxe4 21.Bg2 Qxd5 22.Ne3 Qb5
23.a4 Qb4 24.Nc2 Qc4 25.Ne3 Qb4 26.Qd2 Qd6 27.Nc4 Qd8 28.b3 Be6 29.Ne5 Bf5
30.h3 Nd5 31.g4 e3 32.Qe2 Be6 33.Bxe3 Nxe3 34.Qxe3 Qb6 35.Nxg6 Rfe8 36.Qg5 Qxd4
37.Rad1 Qb4 38.Nf4 Bf7 39.Nh5 Bxh5 40.Bd5+  1-0

[Event "XingQiu Open"]
[Site "Lishui CHN"]
[Date "2009.09.17"]
[Round "1"]
[White "Wen Yang"]
[Black "Li Hanbin"]
[Result "1-0"]
[WhiteElo "2538"]
[BlackElo "2291"]

1.e4 c5 2.Nf3 Nc6 3.Bb5 d6 4.O-O Bd7 5.Re1 a6 6.Bxc6 Bxc6 7.d4 cxd4 8.Nxd4 Nf6
9.Qd3 Rc8 10.b3 g6 11.Bb2 Bg7 12.c4 O-O 13.Nc3 Nd7 14.Red1 Nc5 15.Qe2 Bxd4
16.Rxd4 e5 17.Rd2 f5 18.Rad1 fxe4 19.Rxd6 Qh4 20.Ba3 Nd3 21.Rxc6 bxc6 22.Bxf8 Rxf8
23.Rf1 Nf4 24.Qxe4 Qg4 25.Kh1 Rf5 26.Rd1 Qh4 27.g3 Qh3 28.Qxc6 Rf7 29.gxf4 Qxc3
30.Qe8+ Kg7 31.Qxe5+ Qxe5 32.fxe5 Rxf2 33.Rd7+ Kh6 34.e6 Rxa2 35.e7 Re2 36.c5  1-0

[Event "Inventi GM"]
[Site "Antwerp BEL"]
[Date "2009.09.19"]
[Round "2"]
[White "Timman,J"]
[Black "Michiels,B"]
[Result "1/2-1/2"]
[WhiteElo "2588"]
[BlackElo "2462"]

1.e4 c5 2.Nf3 Nc6 3.Bb5 g6 4.O-O Bg7 5.Re1 Nf6 6.c3 O-O 7.h3 a6 8.Bxc6 bxc6
9.d4 cxd4 10.cxd4 Rb8 11.Nc3 d6 12.b3 c5 13.e5 dxe5 14.dxe5 Qxd1 15.Rxd1 Nd7
16.Bf4 e6 17.Rac1 Rb4 18.Ne2 Re4 19.Be3 Bxe5 20.Nxe5 Rxe5 21.Nc3 Nf6 22.Bf4 Rf5
23.Bd6 Re8 24.f4 h5 25.Be5 h4 26.Rf1 Bb7 27.Bxf6 Rxf6 28.Na4 Rf5 29.Nxc5 Re7
30.b4 Rc7 31.a3  1/2-1/2

[Event "TCh-ROU w Superliga"]
[Site "Eforie Nord ROU"]
[Date "2009.09.19"]
[Round "1"]
[White "Jackova,J"]
[Black "Dembo,Y"]
[Result "1-0"]
[WhiteElo "2393"]
[BlackElo "2482"]

1.e4 c5 2.Nf3 Nc6 3.Bb5 g6 4.Bxc6 dxc6 5.d3 Bg7 6.h3 b6 7.Nc3 e5 8.a3 a5
9.Na4 Ba6 10.c4 Ne7 11.Be3 Rb8 12.b4 cxb4 13.axb4 axb4 14.Nxb6 Rxb6 15.c5 Rb5
16.Rxa6 O-O 17.O-O Qd7 18.Qb3 h6 19.Nd2 Nc8 20.Nc4 Kh7 21.Rd1 f5 22.f3 f4
23.Bf2 g5 24.Ra4 h5 25.Rxb4 Rxb4 26.Qxb4 g4 27.hxg4 hxg4 28.Kf1 Kg6 29.Nb6 Nxb6
30.cxb6 Rh8 31.Ke2 Bf8 32.Qb3 Rh2 33.b7 gxf3+ 34.gxf3 Qd4 35.Qg8+ Kh5 36.Qh7+  1-0

[Event "TCh-SRB w"]
[Site "Pozarevac SRB"]
[Date "2009.09.19"]
[Round "6"]
[White "Mladenovic,J"]
[Black "Zecevic,S"]
[Result "1-0"]
[WhiteElo "2150"]
[BlackElo "1819"]

1.e4 c5 2.Nf3 Nc6 3.Bb5 g6 4.Bxc6 dxc6 5.d3 Bg7 6.h3 Nf6 7.Nc3 O-O 8.Be3 b6
9.Qd2 Ba6 10.Bh6 Qc7 11.Nh2 Rfd8 12.Ng4 Nh5 13.Bxg7 Nxg7 14.Nh6+ Kf8 15.Qe3 Qd6
16.O-O-O Qe6 17.f4 Qf6 18.Rhf1 e6 19.g4 Rd7 20.e5 Qh4 21.f5 c4 22.dxc4 Rxd1+
23.Rxd1 g5 24.Nxf7 Kxf7 25.Rd7+ Kg8 26.f6 Ne8 27.f7+  1-0

[Event "Uxbridge Congress Open"]
[Site "Uxbridge ENG"]
[Date "2009.09.20"]
[Round "5"]
[White "Radovanovic,J"]
[Black "Cherniaev,A1"]
[Result "0-1"]
[WhiteElo "2360"]
[BlackElo "2469"]

1.e4 c5 2.Nf3 Nc6 3.Bb5 e6 4.O-O Nge7 5.c3 a6 6.Ba4 b5 7.Bc2 Bb7 8.a4 b4
9.d4 bxc3 10.Nxc3 cxd4 11.Nxd4 Nxd4 12.Qxd4 Nc6 13.Qe3 Nb4 14.Bb1 Qc7 15.Bd2 Bc5
16.Qh3 a5 17.Nb5 Qb6 18.Qg3 Kf8 19.Ra3 Ba6 20.Rf3 Bxb5 21.axb5 d6 22.Bc3 e5
23.Bxb4 axb4 24.Bd3 Qd8 25.Bc4 Ra7 26.Rd3 Qe7 27.Qh3 h5 28.Rf3 Qe8 29.Rc1 g6
30.Qh4 Rg8 31.Qf6 Qe7 32.Qxe7+ Rxe7 33.Ra1 Kg7 34.Ra6 Rb8 35.Kf1 Rc7 36.b3 Rcb7
37.Ke2 Rf8 38.Kd3 f5 39.Ra2 Kf6 40.Rh3 Rh8 41.Ra5 Bxf2 42.Bd5 Rbb8 43.Ra6 Bb6
44.Bc6 f4 45.Kc4 Bc5 46.Rd3 Ke7 47.Rd1 g5 48.Kd3 g4 49.Ke2 Rhf8 50.Rf1 Bd4
51.Ra4 Bc5 52.Ra6 h4 53.Ra2 Rf6 54.Rd2 Rbf8 55.Rd3 f3+ 56.gxf3 g3 57.hxg3 hxg3
58.Rdd1 g2 59.Rg1 Rg6 60.Rc1 Rg3 61.Rxc5 dxc5 62.b6 Kd6 63.Bd5 Rfxf3 64.Rxg2 Re3+
65.Kf2 Rxg2+ 66.Kxe3 Rc2 67.Kd3 Rc3+ 68.Kd2 Rh3 69.Kc2 Kd7 70.Kd2 Rf3 71.Kc2 Kc8
72.Kd2 Kb8 73.Kc2 Kc8 74.Kd2 Kd7 75.Kc2 Rh3 76.Kd2 Rh6 77.b7 Rh8 78.Kd3 Kc7
79.Kc4 Kb6 80.Kd3 Rd8 81.Kc2 Rb8 82.Kd3 Rxb7 83.Bxb7 Kxb7 84.Ke3 Kc6 85.Kd2 Kb5
86.Kd3 c4+  0-1

[Event "TCh-ROU Superliga"]
[Site "Eforie Nord ROU"]
[Date "2009.09.21"]
[Round "3"]
[White "Vajda,Al1"]
[Black "Tufa,M"]
[Result "1-0"]
[WhiteElo "2451"]
[BlackElo "2108"]

1.e4 c5 2.Nf3 Nc6 3.Bb5 e6 4.Bxc6 bxc6 5.O-O f6 6.c3 d6 7.Re1 e5 8.d4 cxd4
9.cxd4 Be7 10.Be3 Nh6 11.Bxh6 gxh6 12.Qc1 Qd7 13.Qxh6 Qg4 14.h3 Qg6 15.Qxg6+ hxg6
16.Nc3 Be6 17.Rad1 Rc8 18.Nh2 Kf7 19.Nf1 Rb8 20.b3 Rb4 21.d5 Bd7 22.dxc6 Bxc6
23.Nd5 Rb5 24.Nfe3 Rc8 25.Rc1 Rbb8 26.Red1 a5 27.Nc4 Bxd5 28.Rxd5 a4 29.Rc3 axb3
30.axb3 Rc5 31.Rxc5 dxc5 32.Kf1 Ke6 33.Ke2 f5 34.Nd2 Ra8 35.Rc2 Ra1 36.g3 Rh1
37.h4 Ra1 38.Kd3 Re1 39.Ra2 f4 40.Ra6+ Kf7 41.Nf3 Rd1+ 42.Ke2 Rb1  1-0

[Event "18th TCh-CRO w"]
[Site "Sibenik CRO"]
[Date "2009.09.22"]
[Round "2"]
[White "Repkova,E"]
[Black "Shadrina,T"]
[Result "0-1"]
[WhiteElo "2439"]
[BlackElo "2384"]

1.e4 c5 2.Nf3 Nc6 3.Bb5 d6 4.O-O Bd7 5.Re1 e5 6.c3 a6 7.Bf1 Bg4 8.h3 Bh5
9.g4 Bg6 10.d4 h5 11.g5 h4 12.dxc5 dxc5 13.Qxd8+ Rxd8 14.Nbd2 f6 15.Nc4 Nge7
16.Nb6 Bf7 17.Be3 Nc8 18.Nd5 Bxd5 19.exd5 Rxd5 20.Bc4 Rd8 21.Be6 Bd6 22.Rad1 Ke7
23.Bf5 b6 24.Be4 Kd7 25.b4 Kc7 26.bxc5 Bxc5 27.Bxc5 bxc5 28.Rxd8 Nxd8 29.Bd3 a5
30.Re4 Nd6 31.Rxh4 Rxh4 32.Nxh4 fxg5 33.Ng2 Ne6 34.Ne3 Nf4 35.Bf1 Ne4 36.Nc4 Nxc3
37.Nxa5 Nxa2 38.Nc4 e4 39.Kh2 Nh5 40.Kg2 Kc6 41.f3 Nc3 42.fxe4 Nxe4 43.Kf3 Nhf6
44.Ke3 Kd5 45.Nb6+ Ke6 46.Na4 Ke5 47.Bd3 Nd5+ 48.Kf3 Ndc3 49.Nb2 Nf6 50.Ba6 Kd4
51.Nc4 Nce4 52.Ne3 Nd6 53.Bf1 c4 54.Bxc4 Nxc4 55.Nf5+ Ke5 56.Nxg7 Nd2+ 57.Kg3 Nde4+
58.Kf3 Nd6 59.Nh5 Nxh5 60.Kg4 Ne4 61.Kxh5 Kf4  0-1

[Event "Inventi GM"]
[Site "Antwerp BEL"]
[Date "2009.09.23"]
[Round "6"]
[White "Muzychuk,A"]
[Black "Bacrot,E"]
[Result "0-1"]
[WhiteElo "2533"]
[BlackElo "2709"]

1.e4 c5 2.Nf3 Nc6 3.Bb5 g6 4.O-O Bg7 5.Re1 Nf6 6.e5 Nd5 7.Nc3 Nc7 8.Bxc6 dxc6
9.Ne4 b6 10.Nf6+ Kf8 11.Ne4 Bg4 12.d3 Ne6 13.Ned2 g5 14.h3 Bh5 15.g4 Bg6
16.Ne4 h6 17.Qe2 Qd7 18.Ng3 Re8 19.b3 Qc8 20.Bd2 Kg8 21.Kg2 f6 22.Nf5 Qd7
23.Rad1 h5 24.Bc1 hxg4 25.hxg4 Bxf5 26.gxf5 Nf4+ 27.Bxf4 Qxf5 28.Bh2 Qh3+
29.Kg1 f5 30.d4 g4 31.Qf1 gxf3 32.Qxh3 Rxh3 33.Rd3 Kf7  0-1